Parking structures : planning, design, construction, maintenance and repair. (Record no. 100043)

MARC details
000 -LEADER
fixed length control field 00920cam a2200277 4500
008 - FIXED-LENGTH DATA ELEMENTS--GENERAL INFORMATION
fixed length control field 000000n2001 000 0 eng u
020 ## - INTERNATIONAL STANDARD BOOK NUMBER
International Standard Book Number 0792372131
035 ## - SYSTEM CONTROL NUMBER
System control number (Sirsi) u101848
041 ## - LANGUAGE CODE
Language code of text/sound track or separate title ENG
050 ## - LIBRARY OF CONGRESS CALL NUMBER
Classification number 711.73
100 ## - MAIN ENTRY--PERSONAL NAME
Personal name Chrest, Anthony P.
245 ## - TITLE STATEMENT
Title Parking structures : planning, design, construction, maintenance and repair.
250 ## - EDITION STATEMENT
Edition statement 3rd ed.
260 ## - PUBLICATION, DISTRIBUTION, ETC.
Place of publication, distribution, etc. Boston, Mass.
Name of publisher, distributor, etc. Kluwer Academic Publishers
Date of publication, distribution, etc. 2001
300 ## - PHYSICAL DESCRIPTION
Extent xxxi,856p. : ill. ; 24cm.
350 ## - PRICE (NR) (BK AM CF MU VM SE) [OBSOLETE]
Price 95.00
520 ## - SUMMARY, ETC.
Summary, etc. An American book aimed at designers, builders and owners of parking facilities, which covers planning, design, specification, security, safety, repairs and maintenance.
650 ## - SUBJECT ADDED ENTRY--TOPICAL TERM
Topical term or geographic name entry element CAR PARKS
650 ## - SUBJECT ADDED ENTRY--TOPICAL TERM
Topical term or geographic name entry element MULTI-STOREY CAR PARKS
690 ## - LOCAL SUBJECT ADDED ENTRY--TOPICAL TERM (OCLC, RLIN)
Topical term or geographic name as entry element BUILT ENVIRONMENT
700 ## - ADDED ENTRY--PERSONAL NAME
Personal name Smith, Mary S.
700 ## - ADDED ENTRY--PERSONAL NAME
Personal name Bhuyan, Sam
700 ## - ADDED ENTRY--PERSONAL NAME
Personal name Iqbal, Mohammad
700 ## - ADDED ENTRY--PERSONAL NAME
Personal name Monahan, Donald R.
942 ## - ADDED ENTRY ELEMENTS (KOHA)
Suppress in OPAC 0
Holdings
Withdrawn status Lost status Source of classification or shelving scheme Damaged status Not for loan Home library Current library Shelving location Date acquired Cost, normal purchase price Total Checkouts Full call number Barcode Date last seen Date last checked out Copy number Cost, replacement price Price effective from Koha item type
    Dewey Decimal Classification     London London Books 29/06/2001 95.00 6 711.73 CHR 30064525 06/08/2019 15/11/2007 1 95.00 06/08/2019 Book